Statistieken voor Caribisch Nederland Trivia Quiz

Klik hier om de quiz te nemen!

Algemene statistieken

  • Deze quiz is 225 keer genomen
  • De gemiddelde score is 11 van 24

Antwoordstatistieken

HintHintAntwoord% Correct
BonaireDichtstbijzijnde Nederlandse eilandCuraçao
93%
Sint EustatiusDichtstbijzijnde Nederlandse eilandSaba
81%
SabaDichtstbijzijnde Nederlandse eilandSint Eustatius
78%
BonaireBelangrijkste economische sectorenToerisme
72%
BonaireEiland voor de kust van de hoofdstad{Klein} Bonaire
70%
Sint EustatiusHoofdstadOranjestad
68%
SabaDe luchthaven van Saba heeft de _____ commerciële startbaan ter wereld, gedeeld met vliegveld Matekane in Lesothokortste
64%
BonaireHoofdstadKralendijk
55%
SabaPas in 1947 arriveerde de eerste ____ op Saba, omdat tot dan toe alleen steile trappen op het eiland gebruikt werdenauto
50%
SabaHoofdstadThe Bottom
50%
SabaIn de jaren 80 was het bijzonder makkelijk om binnen een week dit document te verkrijgen op Saba, wat in Nederland voor de Nederlandse versie omgewisseld kon worden.Rijbewijs
47%
Sint EustatiusHet strand Zeelandia is beschermd gebied voor deze reptielensoortZeeschildpad
40%
Sint EustatiusOp 16 november 1776 voer een marineschip van dit land de haven van Sint Eustatius binnen, waar door middel van saluutschoten voor het eerst de onafhankelijkheid van dit land erkend werd.Verenigde Staten
38%
BonaireDeze diersoort heeft zijn belangrijkste broedplaats in het zuidelijke deel van het Caribisch gebied bij het Pekelmeer in het zuidwesten van BonaireFlamingo
35%
SabaDe grootste werkgever op Saba, waar zo'n 16% van de totale bevolking werktOverheid
31%
Sint EustatiusBijnaam van Sint Eustatius, vooral in gebruik in het Caribisch gebiedStatia
29%
SabaDeze vulkaan op Saba is het hoogste punt van het Koninkrijk der NederlandenMount Scenery
28%
BonaireDe enige van de zes oorspronkelijke dorpen die niet aan de hoofdstad vastgegroeid isRincón
27%
BonaireOudste natuurpark in de voormalige Nederlandse Antillen{Washington} {Slagbaai} Nationaal Park
25%
SabaOm dit onderzeese atol ten zuidwesten van Saba te beschermen is in 2010 de Exclusieve Economische Zone van Saba uitgebreidSaba{bank}
24%
Sint EustatiusSlapende vulkaan in het zuidoosten van Sint EustatiusThe Quill
24%
BonaireBelangrijkste economische sectorenZoutwinning
23%
Sint EustatiusNationaal park aan de noordkant van het eiland{Boven} Nationaal Park
22%
Sint EustatiusBijnaam van Sint Eustatius in de Gouden Eeuw, toen het het meest winstgevende bezit van de West-Indische Compagnie wasGouden Rots
21%

Scoreverdeling

Percentiel versus Aantal Correcte Antwoorden

Procent van Mensen met Elke Score

Uw Scoregeschiedenis

U heeft deze quiz nog niet genomen